02171cam a22003973a 450000100090000000300050000900500170001400800410003101000170007202000180008902000150010703500240012203500210014604000540016704200140022105000210023510000220025624500390027825000290031726000340034630000310038049000160041149000160042749000260044352007830046965000250125265000230127765000200130065000380132065500280135871000620138680000470144885600910149585601060158685600810169216433428SISC20160705101329.0081103s2009 nyub 000 1 eng d a 2010668306 a9780441017386 a044101738X a(OCoLC)ocn268794852 a(OCoLC)268794852 aBTCTAcBTCTAdYDXCPdZGXdUPZdGO3dORXdVP@dDLC alccopycat aPZ 7b.B854 20091 aBriggs, Patricia.10aHunting ground /cPatricia Briggs. aAce mass-market edition. aNew York :bAce Books,c2009. a286 pages :bmap ;c18 cm.0 aAce fantasy0 aAn Ace book1 aAlpha and Omega novel a"Anna Latham didn't know how complicated life could be until she became a werewolf. And until she was mated to Charles Cornick, the son--and enforcer--of Bran, the leader of the North American werewolves, she didn't know how dangerous it could be, either... Anna and Charles have just been enlisted to attend a summit to present Bran's controversial proposition: that the wolves should finally reveal themselves to humans. But the most feared Alpha in Europe is dead set against the plan--and it seems like someone else might be, too. When Anna is attacked by vampires using pack magic, the kind of power only werewolves should be able to draw on, Charles and Anna must combine their talents to hunt down whoever is behind it all--or risk losing everything..."--p. [4] of cover. 0aWerewolvesvFiction. 0aVampiresvFiction. 0aMagicvFiction. 0aMan-woman relationshipsvFiction. 7aFantasy fiction.2gsafd2 aCopyright Paperback Collection (Library of Congress)5DLC1 aBriggs, Patricia.tAlpha and Omega novels.423Publisher descriptionuhttp://www.loc.gov/catdir/enhancements/fy1101/2010668306-d.html423Contributor biographical informationuhttp://www.loc.gov/catdir/enhancements/fy1205/2010668306-b.html413Sample textuhttp://www.loc.gov/catdir/enhancements/fy1205/2010668306-s.html